FIFA 22 England Top 25 players - Statistics

General Stats
  • This quiz has been taken 206 times
  • The average score is 18 of 25
Answer Stats
Hint Answer % Correct
OVR 90 ST Harry Kane
99%
OVR 87 RB Trenton Alexander-Arnold
91%
OVR 85 RB Kyle Walker
89%
OVR 88 LW Raheem Sterling
89%
OVR 84 CB Harry Maguire
88%
OVR 83 GK Jordon Pickford
88%
OVR 84 CAM Phil Foden
86%
OVR 84 LB Luke Shaw
85%
OVR 83 CB John Stones
82%
OVR 84 CDM Jordon Henderson
80%
OVR 84 RB Kieran Trippier
76%
OVR 85 CAM Marcus Rashford
75%
OVR 84 CAM Jack Grealish
74%
OVR 82 CDM Declan Rice
72%
OVR 83 CAM Mason Mount
69%
OVR 81 RWB Reece James
66%
OVR 86 ST Jamie Vardy
65%
OVR 83 GK Nick Pope
63%
OVR 87 CAM Jadon Sancho
62%
OVR 82 LWB Ben Chilwell
59%
OVR 81 CDM Kalvin Phillips
49%
OVR 82 CAM James Maddison
48%
OVR 83 RWB Aaron Wan-Bissaka
45%
OVR 81 ST Dominic Calvert-Lewin
37%
OVR 82 CB Joe Gomez
34%
No matching quizzes found
Score Distribution
Percent of People with Each Score
Percentile by Number Answered
Your Score History
You have not taken this quiz